Dungeon Boss all 110 heroes quiz - Statistics

General Stats
  • This quiz has been taken 14 times
  • The average score is 45 of 110
Answer Stats
rarity element hint hero % Correct
Bronze Fire The first hero the player gets Rogar Stonecrusher
80%
Bronze Nature The second hero the player gets Willow Swift
80%
Bronze Water The only human-like healer in her element Yasmin Bloom
80%
Bronze Water A golem made out of really cold stone Stone Fist
70%
Legendary Fire The spirit of warriors; well-known for replacing himself with a dead teammate, of course only when himself is already dead Archon
60%
Bronze Light Paladin, demon hunter, and occasional gardener Augustus
60%
Silver Nature A healer goblin, some players call him a shaman, he is meant to be a goblin chef but thanks to a misspell he became: Chief NubNub
60%
Legendary Dark A crow who has a book that contains the dark secrets of invincibility Craw
60%
Bronze Light A magical light and electric spirit, mayorly uses lightning-like attacks Ekko
60%
Legendary Water A giant monster who used to be the game's most well known hero, all attacks and abilities has something to do with cold IGOROK
60%
Legendary Water A dragon who is really cold and can breathe ice, very commonly used as a duo with the one above Niveous
60%
Legendary Nature An assassin girl who was enslaved by the wizards, many players consider her a top hero Serenity
60%
Legendary Dark A dark spirit with the most unique rune slots -he only can equip dark runes; is 1 of the 2 heroes that can disable maual targeting in some way; has a smiliar second ability as the one below's second ability Shade
60%
Bronze Water The protector of the realm, he is armed wit a sword and shield Sir William
60%
Bronze Fire Where there's fire, there's... Squinch!
60%
Bronze Fire A speedy, fiery bat who fliew out from the burning hell Torchy
60%
Gold Fire A barbarian girl who loves to crush heads with her axe, can buff the ATK of her teammates the most effectively comppared to others Abigail, The Brutal
50%
Gold Dark most of the players call this the best golden hero in the game (and better than some legendaries), once was just a scary decoration on the lich's castle Agnon
50%
Legendary Dark A dragon who is born out of chaos and always wears a dragon skull as his head (mentioned in his name); well-known for applying and removing the DOOM debuff effectively Alrakis Skullkeeper
50%
Gold Light An angel who was the first hero in the game to feature reviving a teammate Archangel Emily
50%
Legendary Light A martial artist armed with a long stick-like staff; well-known for her EXTREMELY high dodge changes Aria
50%
Silver Light A master assassin girl who can cause a tornado of blades Black Diamond
50%
Legendary Light The father of the first hero in both the game and in this quiz, all attacks/abilities are going to seriusly shock the target! Dhaegon Stonecrusher
50%
Bronze Dark A 'sexy' demon girl, the only hero who can charm the enemy Ella Ametryst
50%
Gold Nature A smiliar dragon as the one above, but this dragon instead energizes his team upon death, and revives himself once Ferno
50%
Legendary Water An icy beast with 2 heads, one of his abilities can make him become a bowling ball Grog-Gnog
50%
Gold Water A hairy demon who can summon a hailstorm from the sky and add 'insulated woolies' to other demon allies Icepick
50%
Bronze Nature A werewolf with very big claws, he can turn his entire pack into 'beast mode' Jabber Clenchjaw
50%
Bronze Light The brother of the one above, his fur generates electricity Jibber Clenchjaw
50%
Silver Water An undead skeleton king who is chilled to the bone King Yorick
50%
Bronze Dark A dark wizard who usually uses spells of disease and arcane, was never a popular child Kobal, the pestilent
50%
Gold Light A divine lion who wears a golden armor and wings, can revive 1-2 allies when dies Leonidus
50%
Silver Dark The Grim Reaper itself Life Reaper Brom
50%
Gold Fire A fiery wolf who is the most effective way to fill the enemies with fear Lupina
50%
Bronze Fire A monster with only 2 legs, has oversized bottom fangs, and has a pink crest on his head Mangle Jaw
50%
Legendary Nature a tree-like spirit who is the guardian of the spirits, the best hero to get during early game Moriko
50%
Bronze Dark An undead guardian who is born in a battlefield and raised by an army Overlord Executum
50%
Legendary Dark A human-like person who can resurrect hisself as a skeleton when dies, if he survives in his skeleton form long enough, he comes back to his normal form again Pontifex Mortis
50%
Legendary Light An elf who is the only hero that can increase the change for an epic attack; also well-known for applying blinded debuff, but not only herself -other ranged teammates aswell Reyla The Lightbringer
50%
Silver Dark A ninja who strikes from the shadows, seconds after dodges the enemy's attacks Shadowblade
50%
Legendary Fire A construct who contains something really hot stuff and can pour it out, the hot stuff's damage is based off on his 'pressure' The Furnace
50%
Bronze Nature A goblin who crushes the nerds, also loves to wear hats Zurk
50%
Legendary Light A dragon who doesn't have legs at all, unlike other dragons; this hero is born from the sun itself; this is the most recently relased hero in the original game! Balur
40%
Gold Fire A gorgon who can stone the enemy, will heal teammates when a stack of venom is applied on the enemy by herself Cobressa
40%
Legendary Fire A fiery construct who knows nothing but fire and rage; well-known for applying the superheated debuff; one of the only very few heroes that can apply the DOOM effect Crucible
40%
Gold Light An archer samurai who is missing one of his eyes, so he hides it with a eye-band Deadeye
40%
Legendary Nature A barbarian who wears a mask, well-known for apllying the powerful 'unbridled rage' effect on other barbarians Drakk. The warlord
40%
Gold Nature A reptile tank, often getting called the worst hero in the game General Krexx
40%
Gold Water A centaur with a body of a mammoth, charges intro battle with a speed of an avalanche, the one of the 2 heroes that can disable manual targeting on some way Goretusk
40%
Legendary Light A divine turtle with a lot of spikes, the only hero who can apply an aversion-like buff naturally to other heroes Grondar
40%
Legendary Water An old looking dwarf, this hero has the most possible abilities in the game wih 5 possible abilites, and also boosts dwarves really well High King Valkin
40%
Gold Dark A cute little bunny who can devour you and your soul in no time Hopper
40%
Silver Fire A pyromaniac barbarian wizard who sets everything ablaze if he turns intro a burning rage Ignus The Mad
40%
Gold Dark A beholder/octopus-like monster who has eyes on the end of her tentacles,the game design her as a very intelligent creature Iris
40%
Gold Fire A fire-breathing lion with a poisonous scorpion tail, has yellow writings all over his body Koros
40%
Legendary Dark A zombie who can revive/replace his dead teammates with skeletons called 'zomminions' and they come in various classes! Lord Zomm
40%
Legendary Light A clever fairy, one of the only heroes who can make allies immune to ANY debuff in the game, for naturally flying allies it is pernament for them Lorelei
40%
Gold Dark The dark angel who descended from the top, now she wants to wash the world into darkness Malice
40%
Gold Light An undead hunter ninja, can apply stealth mode to other asssassins and himself are immune to crits Masuta Kira
40%
Legendary Water A jester goblin, commonly getting called the best goblin in the game thanks to his cloning and high damaging abilities Miko The Marvelous
40%
Legendary Nature A dark-looking healer spirit; the only spirit who can re-apply ethernal; he originally didn't had a hood, but thanks to an update he got a green hood Mire
40%
Gold Fire A fire demon who can summon a meteor storm from the sky, in older versions he was in a lower rarity (still should be) Nitpick
40%
Silver Nature A cube of jelly who can split himself intro multiple little jelly cubes to perform a slingshot strike Phenol Thoxian
40%
Gold Water A wizard with a really big white beard, all of his spells are freezeing cold Selwyn The Enduring
40%
Silver Dark A dark elf who ascends from the depths, the only hero that feature different damage based on genders (or used to) Shadow Queen Daeris
40%
Gold Fire The only female honorbound, armed with a shield and a spear, the only hero that uses a spear Shieldmaiden Astrid
40%
Legendary Fire A phoenix who is the key supporter for heroes in the beast class; well-known for begin the most effective reviver in the game Solaris
40%
Gold Fire A REALLY fiery dragon, can withstand more fire than other dragons (based on description) Spitfire
40%
Legendary Light A chinese mythologyical creature who looks like a monkey and fights with a long staff Sun Wukong
40%
Legendary Nature/any An archer lizard, the only hero who can chaneg his element to a different one Sybil
40%
Legendary Dark A demon ogre who raised his succes from the pit to the top, significantly enchantes other slow teammates (including himself) Underlord Thraxx
40%
Gold Nature The co-ruler of the one above, the commander of repltiles Viperia
40%
Silver Light A divine warrior constructed by the holiest hands, he reflects the enemies' attacks back from whence they came from. All this for justice! Alexandros
30%
Silver Dark A barbarian tank who calls honorable fighting overrated Balog The Loud
30%
Silver Light An owl-like machine who is meant to be the primary way to heal contructs Bauble
30%
Silver Nature A minotaur-gladiator, used to be a broken charachter in the old versions and got several nerfs and reworks Bovus El Doro
30%
Legendary Nature The king of the Bramblelurk Tribe (the goblins's tribe) who heavily boosts goblin allies in-game Cruel King Bramble
30%
Gold Dark A healer dwarf who can also heal constructs, once was a king of cavern dwarves, in older versions used to be one of the most broken heroes Dagrund Blacksmoke
30%
Gold Fire One of the most expensive heroes to ascend, she is designed to work well with fire allies Ember Sanguine
30%
Legendary Fire The emperor of the demons and the lord of the pit Emperor Zulkodd
30%
Legendary Nature A goblin caster who can turn the enemy into (almost) harmless lil' bunnies! Grettle
30%
Gold Nature A dwarf whose family was killed by the goblins, uses dual golden axes as weapons Hagrim Felhorn
30%
Gold Nature An undead samurai who can parry almost every type of attack thanks to kenjutsu; will make a revenge for each of his dead allies Hansuke Undying
30%
Gold Water An elf who is a real stunner, and wears a blue and yellow hoodie, the game says she is better than the 2nd charachter in this quiz! Indigo
30%
Legendary Light The protector of the universe, one of the only heroes who had a change of appearance in the entire game with a comfirmed date of 2021 may 20th Lumin The Radiant
30%
Silver Light A fish-like monster with a glowing antenna (lure) hanging out of his head Marrow
30%
Gold Nature A mushroom who boost CRIT change for nature allies, in older versions had his own family, Rocky The Shiitake
30%
Silver Water A really 'cool' samurai who uses a 'cool' katana aswell Samurai Takumi
30%
Gold Light A master martial artist who used to be in the 'healer' class (still should be), makes assassin allies's basic attacks shield piercering and can massively boost warrior teammates aswell Sifu Jianzhi
30%
Gold Nature A demon who has outdated design today, in older versions was considered a top hero Tsume
30%
Legendary Water A water spirit who can ONLY attack with a trident, has a mysterius unrelased epic which can be found in the 'woodland wargames' event's secret dungeon called 'darkest night' Undine
30%
Legendary Fire A hero who is the rage himself, the only hero that can apply boiling rage to enemies to start fighting against each other Vulcan
30%
Legendary Dark A soulless panda who represents Yang from the chinese Yin-Yang Yan Luo
30%
Silver Water the best sumo champion in boss island Yokozuna
30%
Gold Light A healer who can apply impervious to the entire team, and the only hero that can apply invincible buff to anyone with an ability and not based off any limitations Zen
30%
Gold Water The commander of the 2 other gordons above, the only gorgon who can be fast by begin on a team with that specific light reptile tank Zola
30%
Silver Water An eel-like reptile hero who has the worst eyesight out of every hero(based on description) Admiral Kreel
20%
Legendary Dark The spirit of terror (mentioned in his name), the only hero who can apply the 'terror' debuff; all of his special abilites has 'Conqueror' as the first word in the name Harbinger The Terror
20%
Gold Water The only hero who can apply the 'cryosleep' effect, her design is smiliar looking to Elza from the Frozen movie Icebloom
20%
Legendary Light The brother and also the opossite of the one above jin Lei
20%
Gold Nature A gorilla who can toss a barell at the enemy, many times get called a bad hero Julius
20%
Legendary Nature An ogre who stood so long perfectly still, that he grown plants on his body, making him a plant-ogre Jumbeaux
20%
Gold Water The ruler of the sea waves, uses a triedent, has an outfit made out of leaves, surprisingly he is a human-like creature Kai Makani
20%
Gold Water A fast healer hero who is the only hero that can turn non-plant heroes to plants Kelpy Shells
20%
Gold Dark A gigantic mix of ogre and goblin, not known for his IQ, but instead he can play baseball like no other heroes Kozar Bonebreaker
20%
Silver Fire A fiery elf who will turn her own and her teammates's projelictles blazin'! Lady Nimriel
20%
Silver Nature A cyclops who swings a spiky club, and can cause an earthquake Phemus
20%
Gold Water A dwarf engineer who makes REALLY EXPLOSIVE attacks Therand Fiddlestorm
20%
Legendary Nature A caster plant hero who is supposed to boost nature allies and cast buffs on her teammates Lily Blossom
10%
Silver Fire A demon pig who will not going to stop punching his enemies with his axe until they are become completely mush Pignius Maximus
10%
No matching quizzes found
Score Distribution
Percent of People with Each Score
Percentile by Number Answered
Your Score History
You have not taken this quiz